Making Management Decisions

Na minha lista:
Detalhes bibliográficos
Autor principal: Cooke, Steve
Outros Autores: Slack, Nigel
Formato: Livro
Idioma:inglês
Publicado em: New York Prentice Hall 1991
Edição:2. ed.
Assuntos:
Tags: Adicionar Tag
Sem tags, seja o primeiro a adicionar uma tag!

MARC

LEADER 00000nam a2200000 4500
001 c004458
005 20221206114734.0
020 |a 13-555202-8 
041 0 |a eng 
044 |a US 
245 1 0 |a Making Management Decisions  |c Steve Cooke, Nigel Slack 
250 |a 2. ed. 
264 1 |a New York  |b Prentice Hall  |c 1991 
300 |a 330 s. 
610 2 0 |a rozhodovanie 
610 2 0 |a manažment 
610 2 0 |a modelovanie 
100 1 |a Cooke, Steve 
700 1 |a Slack, Nigel